Mystery at Mockingbird Manor / (Запис № 528664)
[ простий вигляд ]
| 000 -LEADER | |
|---|---|
| fixed length control field | 01295nam a2200301Ia 4500 |
| 001 - CONTROL NUMBER | |
| control field | mysteryatmocking00pasc |
| 003 - CONTROL NUMBER IDENTIFIER | |
| control field | CaSfIA |
| 005 - DATE AND TIME OF LATEST TRANSACTION | |
| control field | 20210118191750.0 |
| 007 - PHYSICAL DESCRIPTION FIXED FIELD--GENERAL INFORMATION | |
| fixed length control field | cr|||| |
| 008 - FIXED-LENGTH DATA ELEMENTS--GENERAL INFORMATION | |
| fixed length control field | 830921s1983 nyua j 000 1 eng d |
| 040 ## - CATALOGING SOURCE | |
| Original cataloging agency | JBL |
| Transcribing agency | JBL |
| Modifying agency | BTCTA |
| -- | UW1 |
| -- | CaSfIA |
| 020 ## - INTERNATIONAL STANDARD BOOK NUMBER | |
| International Standard Book Number | 0590328123 : |
| Terms of availability | $1.95 |
| 020 ## - INTERNATIONAL STANDARD BOOK NUMBER | |
| International Standard Book Number | 9780590328128 |
| 035 ## - SYSTEM CONTROL NUMBER | |
| System control number | (OCoLC)9930701 |
| 082 04 - DEWEY DECIMAL CLASSIFICATION NUMBER | |
| Classification number | 813.54 |
| Edition number | 19 |
| 029 1# - (OCLC) | |
| OCLC library identifier | NZ1 |
| System control number | 4955158 |
| 100 1# - MAIN ENTRY--PERSONAL NAME | |
| Personal name | Pascal, Laurie. |
| 245 10 - TITLE STATEMENT | |
| Title | Mystery at Mockingbird Manor / |
| Medium | [electronic resource] |
| Statement of responsibility, etc | by Laurie Pascal and Jamie Pascal ; illustrated by David Prebenna. |
| 260 ## - PUBLICATION, DISTRIBUTION, ETC. (IMPRINT) | |
| Place of publication, distribution, etc | New York : |
| Name of publisher, distributor, etc | Scholastic, |
| Date of publication, distribution, etc | c1983. |
| 300 ## - PHYSICAL DESCRIPTION | |
| Extent | 57 p. : |
| Other physical details | ill. ; |
| Dimensions | 20 cm. |
| 490 0# - SERIES STATEMENT | |
| Series statement | Pick-a-path |
| 506 ## - RESTRICTIONS ON ACCESS NOTE | |
| Standardized terminology for access restriction | Необхідна авторизація на https://archive.org/ (створення облікового запису безкоштовно) |
| 506 ## - RESTRICTIONS ON ACCESS NOTE | |
| Standardized terminology for access restriction | Необхідна авторизація на https://openlibrary.org/ (створення облікового запису безкоштовно) |
| 700 1# - ADDED ENTRY--PERSONAL NAME | |
| Personal name | Pascal, Jamie. |
| 856 41 - ELECTRONIC LOCATION AND ACCESS | |
| Uniform Resource Identifier | <a href="http://www.archive.org/details/mysteryatmocking00pasc">http://www.archive.org/details/mysteryatmocking00pasc</a> |
| Public note | Free eBook from the Internet Archive |
| 856 42 - ELECTRONIC LOCATION AND ACCESS | |
| Uniform Resource Identifier | <a href="http://www.openlibrary.org/books/OL7886053M">http://www.openlibrary.org/books/OL7886053M</a> |
| Public note | Additional information and access via Open Library |
| 942 ## - ADDED ENTRY ELEMENTS (KOHA) | |
| Koha item type | ЕКнига |
Немає доступних примірників.